00777nam a2200217 a 450000100100000000500170001000800410002702000150006804000250008308200150010810000400012324500450016326000610020830000200026949000180028950000700030759000270037783000250040495201130042999900170054200002363020200930022349.0101215s1992 sp r 000 p spa d a8478201254 aDO-SdBNPbspacBNPHU annnnbZ35a1 aZapater, Alfonso,d1932-200794869610aAfirmación del ser /cAlfonso Zapater. aZaragoza :bInstitución Fernando el Católico,c1992. a62 p. ;c24 cm.1 aSan Jorgev64 aIncluye datos biográficos del autor en la solapa de la cubierta aInventariado, 2019 /LP 0aSan Jorgev64914367 001050718MOaGRbGRcHDd2010-12-15iLF1l0onnnn Z35ap23630-10r2020-06-25w2020-06-25y1ZNo se presta c23126d23126